| 000 | 00846nam a2200229 i 4500 | ||
|---|---|---|---|
| 001 | 182040 | ||
| 003 | ES-MaACL | ||
| 005 | 20250804062648.0 | ||
| 008 | 130527q1860 fr a | |||||||| ||fre d | ||
| 080 | _a821.133.1-31"18" | ||
| 100 | 1 |
_aDumas, Alexandre, _d1802-1870 _eaut _9241135 |
|
| 245 | 1 | 0 |
_aOlympe de Clèves / _cpar Alexandre Dumas |
| 260 |
_a[S.l. : _bs.n., _cca. 1860] _e(Lagny : _fTyp. de A. Varigault et Cie.) |
||
| 300 |
_a220 páginas : _bilustraciones ; _c30 cm. |
||
| 594 | _aTít. y autor tomados de pag.1 | ||
| 597 | _aTexto a dos col. | ||
| 655 | 0 |
_aNovelas _9234319 |
|
| 852 |
_aES-MaACL _cDEPO _eEjemplar falto de portada _gFirma manuscrita Eugenio Agüera _hLegado Goyeneche _jR-1714(1) _xEnc. en un vol. facticio |
||
| 942 |
_2udc _cMONANT _n0 |
||
| 999 |
_c182040 _d182040 |
||